01099pam a2200301 a 45000010008000000030004000080050017000120080041000290100017000700200015000870400023001020500021001250600022001460820019001682450142001872500012003292600032003413000046003735000106004195040051005256500023005766500023005996500028006226500025006507000054006757000032007297000036007613488354OSt20170130111031.0940826s1995 moua b 001 0 eng c a 94035006  a0801678838 aDNLM/DLCcDLCdDLC00aRG951b.B66 199410aWY 157 M4236 199400a610.73/67822000aMaternity nursing /c[edited by] Irene M. Bobak, Deitra Leonard Lowdermilk, Maragaret Duncan Jensen ; associate editor, Shannon E. Perry. a4th ed. aSt. Louis :bMosby,cc1995. axxv, 989 p. :bill. (some col.) ;c29 cm. aRev. ed. of: Essentials of maternity nursing / Irene M. Bobak, Margaret Duncan Jensen. 3rd ed. c1991. aIncludes bibliographical references and index. 0aMaternity nursing. 0aPediatric nursing.12aMaternal-Child Nursing.22aObstetrical Nursing.1 aBobak, Irene M.tEssentials of maternity nursing.1 aLowdermilk, Deitra Leonard.1 aJensen, Margaret Duncan,d1921-